| 000 | 03558cam a22005534a 4500 | ||
|---|---|---|---|
| 001 | muse78653 | ||
| 003 | MdBmJHUP | ||
| 005 | 20210127151426.0 | ||
| 006 | m o d | ||
| 007 | cr||||||||nn|n | ||
| 008 | 190524r20191987mau o 00 0 eng d | ||
| 020 | _a9781555538873 | ||
| 020 | _a1555538878 | ||
| 035 | _a(OCoLC)1102420700 | ||
| 040 |
_aMdBmJHUP _cMdBmJHUP |
||
| 043 | _an-us-ma | ||
| 050 | 4 |
_aSB457.3 _b.W37 2019 |
|
| 100 | 1 |
_aWarner, Sam Bass, _d1928- _eauthor. |
|
| 245 | 1 | 0 |
_aTo Dwell Is to Garden _bA History of Boston's Community Gardens / _cSam Bass Warner, Jr. ; photographs by Hansi Durlach ; [new foreword by Jill Eshelman]. |
| 300 |
_a1 online resource (1 online resource xvii, 128 pages) : _billustrations, portraits |
||
| 500 | _a"With portraits and reflections of Boston's gardeners in a portfolio by Hansi Durlach"--Cover. | ||
| 500 | _aReprint of 1987 edition with new foreword. | ||
| 504 | _aIncludes bibliographical references and index. | ||
| 506 | 0 |
_aOpen Access _fUnrestricted online access _2star |
|
| 520 | _aOne of the more welcome changes in Boston's urban landscape has been the recent transformation of abandoned lots in to flourishing community gardens. In To Dwell Is to Garden, a distinguished scholar and a veteran photographer join forces to provide a history and a celebration of these urban oases and of the people who have made them possible. Sam Bass Warner, Jr., traces the origins of Boston's urban community gardens back to the English allotment gardens created to keep country folk from starving during the first great wave of urbanization. Warner suggests that today's urban community gardens owe their existence not to philanthropy or patriotism but to an activist impulse stemming from the civil rights movement, which emphasized self-help, local autonomy, and personal dignity to combat the problems of urban decay. The spirit of today's urban community gardens is captured in Hansi Durlach's compelling photographs of those individuals, young and old, who have worked together to clear the rubble and till the soil. From China and Chile, from Italy and Arkansas, from the suburbs and from next door, their comments, recorded by Durlach, linger in the mind and in the heart. Originally pubished by Northeastern University Press in 1987. With a new foreword by Jill Eshelman. | ||
| 588 | _aDescription based on print version record. | ||
| 650 | 0 |
_aVegetable gardening. _2fast _0(OCoLC)fst01164731 |
|
| 650 | 0 |
_aGardeners. _2fast _0(OCoLC)fst00937845 |
|
| 650 | 0 |
_aCommunity gardens. _2fast _0(OCoLC)fst00870927 |
|
| 650 | 0 |
_aVegetable gardening _zMassachusetts _zBoston. |
|
| 650 | 0 |
_aGardeners _zMassachusetts _zBoston _vPictorial works. |
|
| 650 | 0 |
_aCommunity gardens _zMassachusetts _zBoston _vPictorial works. |
|
| 650 | 0 |
_aCommunity gardens _xHistory. |
|
| 650 | 0 |
_aCommunity gardens _zMassachusetts _zBoston _xHistory. |
|
| 651 | 0 |
_aMassachusetts _zBoston. _2fast _0(OCoLC)fst01205012 |
|
| 655 | 0 |
_aPictorial works. _2fast _0(OCoLC)fst01423874 |
|
| 655 | 0 |
_aHistory. _2fast _0(OCoLC)fst01411628 |
|
| 655 | 0 | _aElectronic books. | |
| 655 | 7 |
_aElectronic books. _2local |
|
| 700 | 1 |
_aEshelman, Jill, _ewriter of foreword. |
|
| 700 | 1 |
_aDurlach, Hansi, _ephotographer. |
|
| 710 | 2 | _aProject Muse. | |
| 710 | 2 |
_aProject Muse. _edistributor |
|
| 830 | 0 | _aBook collections on Project MUSE. | |
| 856 | 4 | 0 |
_zFull text available: _uhttps://muse.jhu.edu/book/68435/ |
| 999 |
_c25740 _d25740 |
||